| 000 | 00635nam a2200229 a 4500 | ||
|---|---|---|---|
| 001 | BRL_749 | ||
| 005 | 20190320210859.0 | ||
| 008 | 011013s1959----gw-a######---#000-0#ger-# | ||
| 041 | _ager | ||
| 044 | _agw | ||
| 050 | 4 |
_aML420.S66 _b.S54 1959 |
|
| 100 | 1 |
_aSlezak, Leo _d1873-1946 _924825 |
|
| 245 | 1 | 0 |
_aDer wortbruch _cLeo Slezak ; Mit 10 zeichnungen von Walter Trier. |
| 260 |
_aHamburg _bRowohlt _c1959 |
||
| 300 |
_a152 p. _bil. _c19 cm. |
||
| 440 | 0 |
_aRororo Taschenbuch Ausgabe _v330 _924826 |
|
| 500 | _aAu822 | ||
| 650 | 1 | 4 |
_aMúsicos _vCartas _924827 |
| 700 | 1 |
_aTrier, Walter _eil. _924828 |
|
| 902 | _aGRL | ||
| 942 |
_2lcc _cB |
||
| 999 |
_c9561 _d9561 |
||